Brand by T-Shirt Quiz Stats

Quiz not verified by Sporcle

Challenge
Share
Tweet
Score 0/10 Timer 01:30
0 Plays Today
% Correct
Disney
97.9%
Facebook
96.6%
McDonalds
96.6%
Starbucks
96.6%
Twitter
95.3%
Google
91.9%
Apple
84.7%
Gatorade
82.1%
Nintendo
66.4%
Pixar
14.5%

You're not logged in!

Compare scores with friends on all Sporcle quizzes.
Sign Up with Email
OR
Log In

You Might Also Like...

Show Comments

Extras

Top Quizzes Today


Score Distribution

Your Account Isn't Verified!

In order to create a playlist on Sporcle, you need to verify the email address you used during registration. Go to your Sporcle Settings to finish the process.